00302nam a2200109Ia 4500008004000000082001500040100002400055245006600079250000500145260003400150300000800184210210b1980 xxu||||| |||| 00| 0 eng d a155.6 KIMA aKIMMEL (Douglas C). aAdulthood and aging an interdisciplinary, developmental view. a aNYbJohn Wiley and Sonsc1980 a574